Pensamientos de Goethe / (Record no. 72778)

MARC details
000 -LEADER
campo de control de longitud fija 00562nam a2200181 i 4500
001 - NÚMERO DE CONTROL
campo de control 72778
003 - IDENTIFICADOR DE NÚMERO DE CONTROL
campo de control ES-MaACL
005 - FECHA Y HORA DE LA ÚLTIMA TRANSACCIÓN
campo de control 20230906171544.0
007 - CAMPO FIJO DE DESCRIPCIÓN FÍSICA--INFORMACIÓN GENERAL
campo de control de longitud fija t|
008 - DATOS DE LONGITUD FIJA--INFORMACIÓN GENERAL
campo de control de longitud fija 040902s1932 sp ||||1| spa d
100 1# - ENTRADA PRINCIPAL--NOMBRE DE PERSONA
Nombre de persona Goethe, Johann Wolfgang von,
Fechas asociadas al nombre 1749-1832
9 (RLIN) 57568
245 10 - MENCIÓN DEL TÍTULO
Título Pensamientos de Goethe /
Mención de responsabilidad, etc. Johan Wolfgang Goethe ; traducción de E. Imaz.
260 ## - PUBLICACIÓN, DISTRIBUCIÓN, ETC.
Lugar de publicación, distribución, etc. Madrid :
Nombre del editor, distribuidor, etc. Revista de Occidente,
Fecha de publicación, distribución, etc. [1932] (
Fabricante Galo Sáez)
300 ## - DESCRIPCIÓN FÍSICA
Extensión 149 p. ;
Dimensiones 16 cm.
700 1# - ENTRADA AGREGADA--NOMBRE PERSONAL
Nombre de persona Imaz, Eugenio.
9 (RLIN) 65203
852 ## - LOCALIZACIÓN
Ubicación ES-MaACL
Número de control de estantería F-13997
Holdings
Estatus retirado Estado de pérdida Estado de daño No para préstamo Biblioteca de origen Biblioteca actual Ubicación en estantería Fecha de adquisición Fuente de adquisición Total de préstamos Signatura topográfica completa Código de barras Visto por última vez Precio de reemplazo Tipo de ítem Koha
        Biblioteca del Ateneo de Madrid Biblioteca del Ateneo de Madrid Sala Pecera Planta 2 17/01/2008     F-13997 1076185 23/02/2023 23/02/2023 Libro impreso